10 names in the Simpsons Quiz Stats

 Plays Quiz not verified by Sporcle

Also try: TV Good Guys
Challenge
Share
Tweet
Embed
Score 0/10 Timer 02:00
0 Plays Today
% Correct
Jay
93.1%
Willie
83.7%
Abraham
77%
Charles Montgomery Burns
59.9%
Bart
59.1%
Jessica Lovejoy
38%
Nahasapeemapetilon
28.6%
Szyslak
26.2%
Armin Tamzarian
20.7%
McCallister
19.7%

You're not logged in!

Compare scores with friends on all Sporcle quizzes.
OR
Log In

You Might Also Like...

Show Comments

Extras

Top Quizzes Today


Score Distribution

Your Account Isn't Verified!

In order to create a playlist on Sporcle, you need to verify the email address you used during registration. Go to your Sporcle Settings to finish the process.

Report this User

Report this user for behavior that violates our Community Guidelines.

Details: